000 01028nam a22002897a 4500
001 7591
003 FISKH
005 20250725094404.0
008 250725b cb ||||| |||| 00| 0 eng d
020 _a033500711008
040 _aFISKH
_beng
_cFISKH
_dFISKH
050 _aPZ8.S378 D
082 _a398.21
100 _aSlater, Teddy
245 _aDisney's beasuty and the beast /
_cAdapted by Teddy Slater; Illustrator by Ric Gonzalez and Ron Dias
260 _aNew York :
_bWestern Publishing Company,
_c1991.
300 _a24 unnumbered pages :
_bcolor illustrations ;
_c21 cm
505 _aJ
520 _aCome be our guest in the Beast's castle where teapots talk, spoons dance, and beautiful Belle discovers that things are never quite as they seem.
521 8 _a430
_bLexile estimate
521 8 _aJ
_bRaz-Plus
650 _aFairy Tales
_vChildren's Literature
_xWalt Disney
700 _aRic Gonzalez
_eillustrator
700 _aDias, Ron
_eillustrator
942 _2ddc
_cBK
_n0
999 _c7591
_d7591